000 00583nam a2200181Ia 4500
008 090124s9999 xx 000 0 und d
082 _b24658
_a1744
100 _aगवळी पी. ए.
245 _a कॉग्रेस आणि अस्पृश्यता
250 _a1
260 _c1985
300 _a71
600 _aगवळी पी. ए.
630 _a कॉग्रेस आणि अस्पृश्यता
700 _aगवळी पी. ए.
730 _a कॉग्रेस आणि अस्पृश्यता
942 _cBOOK
999 _c138208
_d138208